3 indices - 1 ville en Suisse - Statistiques

Statistiques générales
  • Ce quiz a été pris 110 fois
  • Le résultat moyen est 7 sur 10
Statistiques - réponses
indices Réponse % Correct
Jet d'eau / Jean Calvin/ ONU Genève
100%
Letzigrund / Musée de la FIFA / Paradeplatz Zurich
95%
Pharmaceutique / Aéroport international / Roger Federer Bâle
87%
Pont de la Chapelle / Lion / Musée suisse des Transports Lucerne
80%
Monte San Salvatore / Stadio comunale Cornaredo / Jorge Lorenzo Lugano
73%
Valais / Valère / Tourbillon Sion
73%
Gottéron / Sarine / Cathédrale Saint-Nicolas Fribourg
72%
Forum économique mondial / Coupe Spengler / Schiahorn Davos
66%
Tissot arena / Cité horlogère / Église du Pasquart Bienne
46%
Schützenwiese / Château de Wülflingen / Canton du Zürich Winterthour
31%
Aucun quiz correspondant
Distribution des résultats
% des personnes avec chaque résultat
Percentile par nombre de réponses
Votre historique - résultats
Vous n’avez pas pris ce quiz